Statistics for Height from Feet to Centimeters

Click here to take the quiz!

General Stats

  • This quiz has been taken 127 times
  • The average score is 9 of 10

Answer Stats

FeetCentimeters% Correct
5'0152
99%
6'0183
97%
5'10178
94%
5'2157
93%
6'4193
93%
5'6168
92%
6'2188
91%
6'6198
91%
4'8142
90%
4'0122
87%

Score Distribution

Percentile by Number Answered

Percent of People with Each Score

Your Score History

You have not taken this quiz